[Event "FIN-chT 0203"]
[Site "Finland"]
[Date "2003.03.16"]
[Round "9.6"]
[White "Tolonen, Mikko"]
[Black "Niemela, Antti"]
[Result "1/2-1/2"]
[WhiteElo "2241"]
[BlackElo "2260"]
[PlyCount "33"]
[EventDate "2002.10.21"]
[EventType "team-tourn"]
[EventRounds "9"]
[EventCountry "FIN"]
[SourceTitle "EXT 2004"]
[Source "ChessBase"]
[SourceDate "2003.11.25"]
[SourceVersion "1"]
[SourceVersionDate "2003.11.25"]
[SourceQuality "1"]
[WhiteTeam "Espoo MatSK"]
[BlackTeam "Helsinki HSK"]
[WhiteTeamCountry "FIN"]
[BlackTeamCountry "FIN"]

1. e4 c5 2. c3 Nf6 3. e5 Nd5 4. d4 cxd4 5. Nf3 Nc6 6. cxd4 d6 7. Bc4 Nb6 8. Bb5 dxe5 9. Nxe5 Bd7 10. Bxc6 Bxc6 11. Nxc6 bxc6 12. 0-0 g6 13. Qc2 Qd7 14. Rd1 Bg7 15. Bf4 0-0 16. Be5 Nd5 17. Bxg7 1/2-1/2